Regulation of withdrawals in individual account systems
Salvato in:
| Autore principale: | |
|---|---|
| Natura: | Libro |
| Lingua: | inglese |
| Pubblicazione: |
Washington
International Monetary Fund
1999
|
| Serie: | IMF Working Paper
WP/99/153 |
| Soggetti: | |
| Tags: |
Nessun Tag, puoi essere il primo ad aggiungerne!!
|
MARC
| LEADER | 00000nam a2200000 4500 | ||
|---|---|---|---|
| 001 | c124231 | ||
| 005 | 20221221083445.4 | ||
| 041 | 0 | |a eng | |
| 044 | |a US | ||
| 245 | 1 | 0 | |a Regulation of withdrawals in individual account systems |c Prepared by Jan Walliser |
| 264 | 1 | |a Washington |b International Monetary Fund |c 1999 | |
| 300 | |a 24 s. | ||
| 490 | 1 | |a IMF Working Paper |v WP/99/153 | |
| 830 | 0 | |a IMF Working Paper |v WP/99/153 | |
| 610 | 2 | 0 | |a dôchodky starobné |
| 610 | 2 | 0 | |a penzie |
| 610 | 2 | 0 | |a dôchodcovia |
| 610 | 2 | 0 | |a regulácia |
| 610 | 2 | 0 | |a účty |
| 610 | 2 | 0 | |a systémy účtovné |
| 610 | 2 | 0 | |a reformy |
| 610 | 2 | 0 | |a vek postproduktívny |
| 610 | 2 | 0 | |a spotreba |
| 610 | 2 | 0 | |a poistenie dôchodkové |
| 610 | 2 | 0 | |a intervencionizmus štátny |
| 610 | 2 | 0 | |a portfólio |
| 610 | 2 | 0 | |a Medzinárodný menový fond |
| 100 | 1 | |a Walliser, Jan | |